[Event "North American Open"]
[Site "Las Vegas"]
[Date "2011.12.27"]
[Round "3"]
[White "Arnold, Marc"]
[Black "Kleiman, Jake"]
[Result "1/2-1/2"]
[WhiteElo "2566"]
[BlackElo "2450"]
[PlyCount "57"]
[EventDate "2011.12.??"]
[EventType "swiss"]
[EventRounds "7"]
[EventCountry "USA"]
[Source "MonRoi"]

1. d4 Nf6 2. c4 e6 3. Nf3 Bb4+ 4. Nbd2 O-O 5. a3 Be7 6. Qc2 d5 7. e3 b6 8. b4
Bb7 9. Rb1 Nbd7 10. Bd3 dxc4 11. Nxc4 c5 12. dxc5 bxc5 13. b5 Rc8 14. e4 h6 15.
Bd2 Nb6 16. Ba5 Qc7 17. O-O Rfd8 18. Nfd2 Ng4 19. g3 Bf6 20. Nf3 Ne5 21. Nfxe5
Bxe5 22. Nxe5 Qxe5 23. Bc3 Qd6 24. Be2 c4 25. a4 f5 26. exf5 Qd5 27. f3 Qc5+
28. Rf2 exf5 29. Bb4 1/2-1/2

[Event "North American Open"]
[Site "Las Vegas"]
[Date "2011.12.27"]
[Round "3"]
[White "Kekelidze, Mikheil"]
[Black "Sarkar, Justin"]
[Result "1-0"]
[WhiteElo "2545"]
[BlackElo "2458"]
[PlyCount "65"]
[EventDate "2011.12.??"]
[EventType "swiss"]
[EventRounds "7"]
[EventCountry "USA"]
[Source "MonRoi"]

1. d4 Nf6 2. c4 g6 3. Nc3 d5 4. Bg5 Ne4 5. h4 Nxg5 6. hxg5 dxc4 7. e3 e5 8.
Bxc4 Bg7 9. dxe5 Qxd1+ 10. Rxd1 Bxe5 11. Nf3 Bxc3+ 12. bxc3 Nd7 13. Rh4 Nc5 14.
Ne5 Be6 15. Bxe6 Nxe6 16. f4 Nc5 17. Ke2 Kf8 18. Nd7+ Nxd7 19. Rxd7 Rc8 20. Rh1
Ke8 21. Rd5 b6 22. e4 Rd8 23. Rxd8+ Kxd8 24. e5 Ke7 25. g4 Rd8 26. Rxh7 Rd5 27.
Ke3 Ra5 28. f5 Rxe5+ 29. Kf4 Rc5 30. fxg6 Rc4+ 31. Kg3 Rxc3+ 32. Kh4 Kf8 33.
gxf7 1-0

[Event "North American Open"]
[Site "Las Vegas"]
[Date "2011.12.27"]
[Round "3"]
[White "Sevillano, Enrico"]
[Black "Kavutskiy, Konstantin"]
[Result "1-0"]
[WhiteElo "2509"]
[BlackElo "2366"]
[PlyCount "89"]
[EventDate "2011.12.??"]
[EventType "swiss"]
[EventRounds "7"]
[EventCountry "USA"]
[Source "MonRoi"]

1. e4 e6 2. d4 d5 3. e5 c5 4. c3 Qb6 5. Nf3 Nc6 6. a3 c4 7. Nbd2 Na5 8. Be2 Bd7
9. O-O Ne7 10. Qc2 h6 11. Bd1 O-O-O 12. Re1 Kb8 13. Rb1 Qc7 14. Nf1 Nc8 15. Ng3
Nb6 16. Nh5 Ba4 17. Qe2 Bxd1 18. Qxd1 g6 19. Ng3 Qd7 20. Be3 Be7 21. h3 Rdg8
22. Nh2 h5 23. Rf1 Qd8 24. f4 Nb3 25. Nf3 Nc8 26. Kh1 f5 27. exf6 Bxf6 28. Ng5
Qe7 29. Qc2 h4 30. Ne2 Nd6 31. Rbe1 Nf5 32. Rf3 Rf8 33. Ng1 Rh5 34. Bf2 Bxg5
35. fxg5 Qxg5 36. Rxe6 Nd2 37. Rfe3 Nf1 38. Re8+ Rxe8 39. Rxe8+ Kc7 40. Nf3
N1g3+ 41. Kg1 Qf6 42. Qa4 Nd6 43. Qa5+ Kd7 44. Re5 b5 45. Qxa7+ 1-0

[Event "North American Open"]
[Site "Las Vegas"]
[Date "2011.12.27"]
[Round "3"]
[White "Molner, Mackenzie"]
[Black "Liou, Yian"]
[Result "1-0"]
[WhiteElo "2499"]
[BlackElo "2354"]
[PlyCount "89"]
[EventDate "2011.12.??"]
[EventType "swiss"]
[EventRounds "7"]
[EventCountry "USA"]
[Source "MonRoi"]

1. e4 c5 2. Nf3 e6 3. d4 cxd4 4. Nxd4 a6 5. Bd3 Nf6 6. O-O Qc7 7. Qe2 d6 8. c4
g6 9. Nc3 Bg7 10. Nf3 O-O 11. h3 Nc6 12. Bf4 Nd7 13. Rac1 Nde5 14. Rfd1 Bd7 15.
Qe3 Rac8 16. Be2 Nxf3+ 17. Bxf3 Ne5 18. Be2 Rfd8 19. b3 Be8 20. Bg3 Qc5 21. Qd2
Bf6 22. Kh1 Kg7 23. Bf1 Qa5 24. f4 Nd7 25. Qe3 Qc5 26. Qe1 Qb4 27. Bh4 Qc5 28.
e5 dxe5 29. Ne4 Bxh4 30. Qxh4 Qc7 31. Qe7 exf4 32. Rd6 Qb8 33. Rcd1 Rc7 34. c5
Rdc8 35. b4 h5 36. Bc4 Nf8 37. Qf6+ Kg8 38. Qxf4 Nh7 39. Nf6+ Nxf6 40. Qxf6 Rc6
41. Bxe6 Rxd6 42. Qxg6+ Kf8 43. Qh6+ Kg8 44. cxd6 fxe6 45. d7 1-0

[Event "North American Open"]
[Site "Las Vegas"]
[Date "2011.12.27"]
[Round "3"]
[White "Ansell, Simon"]
[Black "Dean, Jim"]
[Result "1-0"]
[WhiteElo "2489"]
[BlackElo "2341"]
[PlyCount "39"]
[EventDate "2011.12.??"]
[EventType "swiss"]
[EventRounds "7"]
[EventCountry "USA"]
[Source "MonRoi"]

1. e4 c6 2. d4 d5 3. e5 c5 4. c3 Nc6 5. Be3 Nh6 6. dxc5 Ng4 7. Nf3 Ngxe5 8.
Nxe5 Nxe5 9. Bb5+ Bd7 10. Be2 e6 11. O-O Be7 12. Nd2 O-O 13. f4 Ng6 14. Qe1 Qc7
15. Qf2 a5 16. a4 Rfc8 17. Nb3 Qd8 18. Nc1 Bf6 19. Nd3 Qe8 20. Bd1 1-0

[Event "North American Open"]
[Site "Las Vegas"]
[Date "2011.12.28"]
[Round "4"]
[White "Shabalov, Alexander"]
[Black "Sevillano, Enrico"]
[Result "1-0"]
[WhiteElo "2600"]
[BlackElo "2509"]
[PlyCount "83"]
[EventDate "2011.12.??"]
[EventType "swiss"]
[EventRounds "7"]
[EventCountry "USA"]
[Source "MonRoi"]

1. d4 Nf6 2. c4 c5 3. d5 e6 4. Nc3 exd5 5. cxd5 d6 6. Nf3 g6 7. Nd2 Bg7 8. e4
O-O 9. Be2 Re8 10. O-O a6 11. a4 Nbd7 12. f4 Rb8 13. Kh1 b6 14. Qc2 Qe7 15. Rb1
Bb7 16. Bd3 h5 17. b3 Ng4 18. Nf3 Bd4 19. h3 Ne3 20. Bxe3 Bxe3 21. e5 Nf8 22.
Ne4 Bxf4 23. Nxd6 Bxd5 24. Bc4 Bxc4 25. Qxc4 Ne6 26. Nxe8 Rxe8 27. Qxa6 Qc7 28.
Rbd1 Ng7 29. Qc4 Bxe5 30. Rfe1 Bg3 31. Rxe8+ Nxe8 32. Qd5 Nd6 33. Ne5 Nf5 34.
Qd8+ Qxd8 35. Rxd8+ Kg7 36. Nc4 h4 37. Rd3 Bc7 38. Rd7 Bf4 39. Kg1 Nd4 40. b4
Ne2+ 41. Kf2 Nc3 42. bxc5 1-0

[Event "North American Open"]
[Site "Las Vegas"]
[Date "2011.12.28"]
[Round "4"]
[White "Friedel, Joshua"]
[Black "Molner, Mackenzie"]
[Result "1/2-1/2"]
[WhiteElo "2584"]
[BlackElo "2499"]
[PlyCount "176"]
[EventDate "2011.12.??"]
[EventType "swiss"]
[EventRounds "7"]
[EventCountry "USA"]
[Source "MonRoi"]

1. d4 f5 2. Nc3 Nf6 3. Bg5 d5 4. Bxf6 exf6 5. e3 c6 6. Bd3 Be6 7. Qf3 g6 8.
Nge2 Nd7 9. h3 Bf7 10. g4 fxg4 11. hxg4 Qe7 12. O-O-O O-O-O 13. Rh3 Bg7 14. Nf4
Nf8 15. Nce2 Qd7 16. Rg1 Kb8 17. c3 a5 18. Bc2 Ka7 19. Kb1 Re8 20. Rh2 Re7 21.
Qg3 Qe8 22. Rgh1 h6 23. Nc1 Nd7 24. Nb3 g5 25. Nh5 Bxh5 26. Rxh5 Qd8 27. Nc1
Nb6 28. Bd3 Nc8 29. Ne2 Nd6 30. Qf3 Rf8 31. Ng3 b5 32. Rc1 Qd7 33. Rhh1 Qe6 34.
Rhe1 Rb8 35. Re2 Kb6 36. e4 Rbe8 37. Rce1 dxe4 38. Bxe4 Qc8 39. Bf5 Qc7 40. Be6
Nf7 41. Nh5 Bh8 42. Bf5 Rxe2 43. Rxe2 Rxe2 44. Qxe2 Nd6 45. Qe6 Nxf5 46. Qxf5
Qe7 47. Qf3 Qe6 48. a3 a4 49. Kc2 Qb3+ 50. Kc1 Qe6 51. Kb1 Qe1+ 52. Kc2 Qe6 53.
Ng3 Bg7 54. Nf5 Bf8 55. Ne3 Qb3+ 56. Kc1 Bxa3 57. bxa3 Qxc3+ 58. Kd1 Qxd4+ 59.
Ke2 Qb2+ 60. Kd1 Qb3+ 61. Kd2 b4 62. Qxf6 Qa2+ 63. Kd1 Qb3+ 64. Nc2 bxa3 65.
Qd8+ Kb7 66. Qe7+ Kb6 67. Qe3+ Kb5 68. Qxb3+ axb3 69. Nxa3+ Kb4 70. Nb1 Kc4 71.
Kd2 Kd4 72. Nc3 Ke5 73. Ke3 b2 74. Nb1 c5 75. Nd2 Kf6 76. Kd3 Ke5 77. Kc2 Kf4
78. f3 Ke3 79. Ne4 Kxf3 80. Nf6 Ke3 81. Kxb2 Kd2 82. Kb3 Kd3 83. Nd5 c4+ 84.
Kb2 Kd2 85. Nc3 Ke3 86. Nd5+ Kd2 87. Nb4 Ke3 88. Nd5+ Kd2 1/2-1/2

[Event "North American Open"]
[Site "Las Vegas"]
[Date "2011.12.28"]
[Round "4"]
[White "Mitkov, Nikola"]
[Black "Adamson, Robby"]
[Result "1-0"]
[WhiteElo "2576"]
[BlackElo "2390"]
[PlyCount "51"]
[EventDate "2011.12.??"]
[EventType "swiss"]
[EventRounds "7"]
[EventCountry "USA"]
[Source "MonRoi"]

1. e4 c5 2. Nc3 d6 3. f4 g6 4. Nf3 Bg7 5. Bc4 Nc6 6. O-O Nf6 7. d3 O-O 8. Bb3
e6 9. Kh1 a6 10. a4 Rb8 11. Qe1 b5 12. axb5 axb5 13. e5 dxe5 14. fxe5 Nd7 15.
Bf4 Nd4 16. Nxd4 cxd4 17. Ne4 Nxe5 18. Ng5 Rb6 19. Qg3 f6 20. Bxe5 fxe5 21.
Rxf8+ Qxf8 22. Kg1 Qd6 23. Qh3 h6 24. Bxe6+ Bxe6 25. Ra8+ Rb8 26. Qxe6+ 1-0

[Event "North American Open"]
[Site "Las Vegas"]
[Date "2011.12.28"]
[Round "4"]
[White "Yankovsky, Roman"]
[Black "Troff, Kayden"]
[Result "1-0"]
[WhiteElo "2500"]
[BlackElo "2359"]
[PlyCount "69"]
[EventDate "2011.12.??"]
[EventType "swiss"]
[EventRounds "7"]
[EventCountry "USA"]
[Source "MonRoi"]

1. e4 c5 2. Nf3 g6 3. h4 h6 4. d4 cxd4 5. h5 g5 6. Nxd4 Nc6 7. Nc3 Nf6 8. Bc4
d6 9. Nxc6 bxc6 10. e5 Ng4 11. e6 f5 12. Qf3 Qb6 13. Qxf5 Qd4 14. Be2 Bxe6 15.
Qxe6 Qxf2+ 16. Kd1 Qd4+ 17. Bd2 Nf2+ 18. Kc1 Nxh1 19. Bf3 Qb6 20. Be3 Qa6 21.
Bd4 Rh7 22. Be4 Rg7 23. Bxg7 Bxg7 24. Bg6+ Kd8 25. Qg8+ Kd7 26. Qxg7 Qf1+ 27.
Nd1 Ng3 28. b3 a5 29. a4 Rb8 30. Kb2 c5 31. Nc3 Qxg2 32. Re1 c4 33. Qxe7+ Kc6
34. Be8+ Kc5 35. Qc7+ 1-0

[Event "North American Open"]
[Site "Las Vegas"]
[Date "2011.12.28"]
[Round "4"]
[White "Kameswaran, Visweswaran"]
[Black "Ansell, Simon"]
[Result "1-0"]
[WhiteElo "2306"]
[BlackElo "2489"]
[PlyCount "79"]
[EventDate "2011.12.??"]
[EventType "swiss"]
[EventRounds "7"]
[EventCountry "USA"]
[Source "MonRoi"]

1. e4 c5 2. Nc3 Nc6 3. Nf3 d6 4. Bb5 e5 5. d3 Be7 6. h3 Nf6 7. Bg5 O-O 8. a3
Be6 9. O-O Rc8 10. Bc4 h6 11. Bxf6 Bxf6 12. Nd5 g6 13. c3 Bg7 14. b4 Ne7 15.
Qb3 b5 16. Bxb5 Nxd5 17. exd5 Bf5 18. Rac1 e4 19. dxe4 Bxe4 20. c4 g5 21. Rfe1
Bg6 22. Re2 h5 23. Rce1 g4 24. Nh2 gxh3 25. Qxh3 Be5 26. bxc5 Rxc5 27. Nf3 Bf6
28. Qg3 a6 29. Re8 Qc7 30. Rxf8+ Kxf8 31. Qf4 Kg7 32. Bc6 Rxc6 33. dxc6 Qxc6
34. Rd1 Be7 35. Nh4 Qa4 36. Rd5 Qxa3 37. Nf5+ Bxf5 38. Rxf5 Qa1+ 39. Kh2 Bf6
40. Qg3+ 1-0

[Event "North American Open"]
[Site "Las Vegas"]
[Date "2011.12.28"]
[Round "4"]
[White "Bryant, John"]
[Black "Pearson, Michael"]
[Result "1-0"]
[WhiteElo "2454"]
[BlackElo "2344"]
[PlyCount "53"]
[EventDate "2011.12.??"]
[EventType "swiss"]
[EventRounds "7"]
[EventCountry "USA"]
[Source "MonRoi"]

1. e4 c5 2. c3 Nf6 3. e5 Nd5 4. Nf3 Nc6 5. Bc4 Nb6 6. Bb3 d5 7. exd6 Qxd6 8.
O-O Bf5 9. d4 Rd8 10. Na3 e6 11. Nh4 Bg6 12. Nb5 Qe7 13. Nxg6 hxg6 14. Bf4 e5
15. Re1 a6 16. Na7 e4 17. Nxc6 bxc6 18. f3 Nd5 19. Bg3 Nf6 20. Ba4 Qe6 21. d5
Rxd5 22. Qb3 c4 23. Qxc4 Bc5+ 24. Kh1 e3 25. b4 Nh5 26. Bc7 Rd7 27. Qxc5 1-0

[Event "North American Open"]
[Site "Las Vegas"]
[Date "2011.12.28"]
[Round "4"]
[White "Rodriguez, Eric"]
[Black "Griffith, Kyron"]
[Result "1-0"]
[WhiteElo "2382"]
[BlackElo "2320"]
[PlyCount "67"]
[EventDate "2011.12.??"]
[EventType "swiss"]
[EventRounds "7"]
[EventCountry "USA"]
[Source "MonRoi"]

1. e4 c5 2. Nc3 Nc6 3. Bb5 Nd4 4. Bc4 g6 5. Nf3 Bg7 6. Nxd4 cxd4 7. Qf3 Nh6 8.
Ne2 O-O 9. d3 Qb6 10. O-O d5 11. exd5 Bg4 12. Qe4 f5 13. d6+ Kh8 14. Qxe7 Rae8
15. Qh4 Bxe2 16. Re1 Bh5 17. Rxe8 Rxe8 18. Bxh6 Bxh6 19. d7 Rd8 20. Re1 Be3 21.
Qe7 h6 22. fxe3 dxe3 23. Rxe3 g5 24. Qe5+ Kh7 25. Qxf5+ Bg6 26. Qe6 Qxe6 27.
Bxe6 Kg7 28. Rf3 Bh5 29. g4 Bg6 30. c4 a5 31. Kf2 b6 32. Ke3 Be8 33. Kd4 Kg6
34. Ke5 1-0

[Event "North American Open"]
[Site "Las Vegas"]
[Date "2011.12.28"]
[Round "4"]
[White "Dean, Jim"]
[Black "Mezentsev, Vladimir"]
[Result "0-1"]
[WhiteElo "2341"]
[BlackElo "2439"]
[PlyCount "68"]
[EventDate "2011.12.??"]
[EventType "swiss"]
[EventRounds "7"]
[EventCountry "USA"]
[Source "MonRoi"]

1. d4 Nf6 2. c4 g6 3. Nc3 Bg7 4. Nf3 O-O 5. Bg5 h6 6. Bh4 c5 7. d5 d6 8. e3 b5
9. cxb5 a6 10. Nd2 Nbd7 11. a4 Qa5 12. Ra3 Nb6 13. e4 e6 14. dxe6 Bxe6 15. bxa6
d5 16. Bxf6 Bxf6 17. Bb5 d4 18. Ne2 Nc4 19. Bxc4 Bxc4 20. O-O Bxa6 21. Re1 Rab8
22. Qc1 Rfc8 23. Nf3 Bg7 24. Nf4 c4 25. Nd5 Re8 26. b4 cxb3 27. Qd2 Qc5 28.
Raa1 b2 29. Rab1 d3 30. a5 Bc4 31. Nb6 Ba2 32. Rxb2 Bxb2 33. Qxb2 Qxa5 34. Ra1
Rxb6 0-1

[Event "North American Open"]
[Site "Las Vegas"]
[Date "2011.12.28"]
[Round "4"]
[White "Kavutskiy, Konstantin"]
[Black "Yanayt, Eugene"]
[Result "1-0"]
[WhiteElo "2366"]
[BlackElo "2330"]
[PlyCount "78"]
[EventDate "2011.12.??"]
[EventType "swiss"]
[EventRounds "7"]
[EventCountry "USA"]
[Source "MonRoi"]

1. d4 Nf6 2. Nf3 g6 3. c4 Bg7 4. Nc3 O-O 5. Bg5 c5 6. d5 d6 7. e3 Na6 8. Be2
Nc7 9. O-O Rb8 10. e4 e6 11. a4 exd5 12. cxd5 Re8 13. Nd2 a6 14. f4 h6 15. Bh4
b5 16. axb5 Nxb5 17. Nxb5 axb5 18. Bf3 Bb7 19. Qc2 Qc7 20. Bf2 Nd7 21. h4 Ra8
22. h5 Rxa1 23. Rxa1 Ra8 24. Rxa8+ Bxa8 25. hxg6 fxg6 26. e5 dxe5 27. d6 Qa5
28. Bxa8 Qxa8 29. Qb3+ Kh7 30. Qxb5 Qd5 31. Qxd7 Qxd2 32. Qe6 Qc1+ 33. Kh2
Qxf4+ 34. Bg3 Qg5 35. d7 Bf6 36. Qf7+ Kh8 37. Qd5 Kh7 38. Bf2 Qf4+ 39. Kh1 Qxf2
1-0

[Event "North American Open"]
[Site "Las Vegas"]
[Date "2011.12.28"]
[Round "4"]
[White "Liou, Yian"]
[Black "Veech, John"]
[Result "1-0"]
[WhiteElo "2354"]
[BlackElo "2202"]
[PlyCount "57"]
[EventDate "2011.12.??"]
[EventType "swiss"]
[EventRounds "7"]
[EventCountry "USA"]
[Source "MonRoi"]

1. e4 c5 2. Nf3 d6 3. d4 cxd4 4. Nxd4 Nf6 5. Nc3 a6 6. Bd3 Nc6 7. Nxc6 bxc6 8.
O-O e5 9. b3 Be7 10. Qe2 O-O 11. Bb2 a5 12. Na4 Nd7 13. Kh1 Bf6 14. Rad1 Qc7
15. Bc4 Rd8 16. Qh5 g6 17. Qf3 Kg7 18. Qe3 Ba6 19. Bxa6 Rxa6 20. Qd3 Nb8 21. f4
exf4 22. Bxf6+ Kxf6 23. Qd4+ Ke7 24. Rxf4 Ra7 25. Qf6+ Ke8 26. Qh8+ Ke7 27.
Qxh7 Rf8 28. Qh4+ Ke8 29. Rf6 1-0

[Event "North American Open"]
[Site "Las Vegas"]
[Date "2011.12.28"]
[Round "5"]
[White "Friedel, Joshua"]
[Black "Mitkov, Nikola"]
[Result "0-1"]
[WhiteElo "2584"]
[BlackElo "2576"]
[PlyCount "94"]
[EventDate "2011.12.??"]
[EventType "swiss"]
[EventRounds "7"]
[EventCountry "USA"]
[Source "MonRoi"]

1. e4 e5 2. Nf3 Nc6 3. Bb5 Bc5 4. O-O Qf6 5. d3 h6 6. Be3 Bb6 7. c4 Nd4 8. Bxd4
exd4 9. Nbd2 Ne7 10. e5 Qf4 11. Ne4 a6 12. Ba4 O-O 13. Re1 Ng6 14. c5 Ba5 15.
Ned2 d5 16. exd6 cxd6 17. Re4 Qf6 18. c6 b5 19. Bb3 Bb6 20. Re1 Qd8 21. Nf1 d5
22. Rc1 Be6 23. Ng3 Rc8 24. Ne5 Nxe5 25. Rxe5 Qd6 26. f4 Rxc6 27. Bxd5 Rxc1 28.
Qxc1 Bxd5 29. Nf5 Qc7 30. Qxc7 Bxc7 31. Rxd5 Bxf4 32. Kf2 Bc1 33. b4 Re8 34.
Nxd4 Be3+ 35. Kf3 Bg1 36. Nc6 Re3+ 37. Kf4 Re2 38. Kg3 Re3+ 39. Kg4 Bxh2 40.
Rd8+ Kh7 41. Rd7 Rg3+ 42. Kf5 Rxg2 43. Rxf7 Rf2+ 44. Ke6 Rxf7 45. Kxf7 h5 46.
Nd4 h4 47. Ne6 Bd6 0-1

[Event "North American Open"]
[Site "Las Vegas"]
[Date "2011.12.28"]
[Round "5"]
[White "Arnold, Marc"]
[Black "Bryant, John"]
[Result "1-0"]
[WhiteElo "2566"]
[BlackElo "2454"]
[PlyCount "119"]
[EventDate "2011.12.??"]
[EventType "swiss"]
[EventRounds "7"]
[EventCountry "USA"]
[Source "MonRoi"]

1. d4 Nf6 2. c4 g6 3. Nc3 Bg7 4. e4 d6 5. Nf3 O-O 6. Be2 Nbd7 7. O-O e5 8. Be3
Re8 9. d5 Nh5 10. Re1 Bf6 11. b4 Be7 12. Nd2 Ng7 13. f3 Bg5 14. Bf2 a5 15. bxa5
Bxd2 16. Qxd2 Rxa5 17. f4 b6 18. Rf1 exf4 19. Qxf4 f6 20. Bd4 Rf8 21. Nd1 Qe7
22. Ne3 Ne5 23. Bc3 Ra3 24. Bb2 Ra4 25. Qh4 h5 26. Qe1 Bd7 27. Qc3 Raa8 28. Rf2
Rf7 29. a3 Raf8 30. Raf1 Kh7 31. Bd3 Bc8 32. a4 Ba6 33. Be2 Nd7 34. Bd3 Ra8 35.
Bc2 Bc8 36. g4 Ne5 37. gxh5 Nxh5 38. Bd1 Ng7 39. Kh1 Bd7 40. Ng2 Rh8 41. Qg3
Ne8 42. Nf4 Rg7 43. Rg2 g5 44. Nh5 Rg6 45. Bxe5 Qxe5 46. Qxe5 dxe5 47. Rgf2 Rf8
48. a5 bxa5 49. c5 Kh6 50. Kg2 Bb5 51. Re1 g4 52. Ng3 Ng7 53. Ra2 f5 54. exf5
Nxf5 55. Nxf5+ Rxf5 56. Bc2 e4 57. Bxe4 Re5 58. Rxa5 Bc4 59. Bxg6 Rxe1 60. Bf7
1-0

[Event "North American Open"]
[Site "Las Vegas"]
[Date "2011.12.28"]
[Round "5"]
[White "Rodriguez, Eric"]
[Black "Yankovsky, Roman"]
[Result "0-1"]
[WhiteElo "2382"]
[BlackElo "2500"]
[PlyCount "124"]
[EventDate "2011.12.??"]
[EventType "swiss"]
[EventRounds "7"]
[EventCountry "USA"]
[Source "MonRoi"]

1. e4 c5 2. Nc3 a6 3. f4 b5 4. Nf3 Bb7 5. d4 cxd4 6. Qxd4 Nc6 7. Qf2 e6 8. Bd3
Nge7 9. f5 Nc8 10. O-O Qc7 11. Qh4 Bd6 12. Be3 Ne5 13. Rad1 Bc6 14. Nxe5 Bxe5
15. Bf4 Bxf4 16. Rxf4 Qe5 17. Nd5 f6 18. Ne3 Nd6 19. Qf2 Qc5 20. Rg4 O-O-O 21.
b4 Qb6 22. Re1 Rhg8 23. c4 bxc4 24. Nxc4 Qxf2+ 25. Kxf2 Nf7 26. a4 Kc7 27. Rc1
Rb8 28. fxe6 dxe6 29. Na5 Ne5 30. Be2 Rxb4 31. Nxc6 Nxc6 32. e5 Rxg4 33. Bxg4
Kb6 34. a5+ Nxa5 35. exf6 Rf8 36. Rb1+ Ka7 37. Kg3 Rxf6 38. Bf3 e5 39. Be4 h6
40. Rd1 Kb6 41. h4 Nc4 42. Rd7 Nd6 43. Bh7 g6 44. Kg4 a5 45. h5 g5 46. Re7 e4
47. g3 a4 48. Bxe4 Nxe4 49. Rxe4 Kb5 50. Re5+ Kb4 51. Re4+ Kb3 52. Re3+ Kb2 53.
Re2+ Kc3 54. Re3+ Kd4 55. Re8 Ra6 56. Rg8 a3 57. Rg6 Ra4 58. Kf5 a2 59. Rd6+
Kc5 60. Rd1 a1=Q 61. Rxa1 Rxa1 62. Kg6 Ra6+ 0-1

[Event "North American Open"]
[Site "Las Vegas"]
[Date "2011.12.28"]
[Round "5"]
[White "Molner, Mackenzie"]
[Black "Kameswaran, Visweswaran"]
[Result "1-0"]
[WhiteElo "2499"]
[BlackElo "2306"]
[PlyCount "181"]
[EventDate "2011.12.??"]
[EventType "swiss"]
[EventRounds "7"]
[EventCountry "USA"]
[Source "MonRoi"]

1. e4 c5 2. Nf3 d6 3. d4 cxd4 4. Nxd4 Nf6 5. Nc3 a6 6. Bg5 e6 7. f4 Qc7 8. Bxf6
gxf6 9. Qd2 Nc6 10. O-O-O Bd7 11. Be2 h5 12. Nb3 O-O-O 13. Kb1 Kb8 14. Rhf1 h4
15. Rf3 Na5 16. Rh3 Nxb3 17. axb3 Be7 18. Qe1 Rdg8 19. Bf3 Qd8 20. f5 Qa5 21.
Rxh4 Qe5 22. Rxh8 Rxh8 23. h3 Bc6 24. Qd2 Bf8 25. Qd3 Be7 26. Ne2 Rh4 27. Nc3
Qg3 28. Rf1 Qe5 29. Bg4 Bd8 30. Rd1 Bc7 31. Qd4 Rh6 32. b4 Qxd4 33. Rxd4 Bd7
34. Ne2 Bb5 35. Rd2 e5 36. Nc3 Bc6 37. Kc1 Kc8 38. Kd1 Kd7 39. Ke2 Bb6 40. Kd3
Bd4 41. Ne2 Bf2 42. c4 Be1 43. Rd1 Bxb4 44. Bf3 Ke7 45. Nc3 Rh8 46. Rb1 Rc8 47.
Na2 Bc5 48. b4 Bd4 49. Kd2 Ba4 50. Be2 Bc6 51. Bd3 Rg8 52. g4 Rh8 53. b5 axb5
54. cxb5 Bd7 55. Bf1 d5 56. exd5 Ra8 57. Nc3 Ra3 58. Ne4 Be3+ 59. Kc2 Bd4 60.
d6+ Kd8 61. h4 Ra2+ 62. Kd1 Rh2 63. h5 Rh4 64. Nxf6 e4 65. Nxd7 Kxd7 66. Rb4
Be5 67. Rxe4 Kxd6 68. Bg2 Rh2 69. Re2 b6 70. Ke1 Bd4 71. Rd2 Ke5 72. Rxd4 Rxg2
73. Kf1 Rb2 74. Rd8 Kf4 75. Rg8 Rxb5 76. Ke2 Rb3 77. f6 Rh3 78. g5 Rh2+ 79. Kd3
Kf5 80. h6 b5 81. g6 Rh3+ 82. Kc2 Rh2+ 83. Kc3 Rh3+ 84. Kb4 Kxf6 85. h7 fxg6
86. h8=Q+ Rxh8 87. Rxh8 g5 88. Kc3 Kf5 89. Kd2 b4 90. Ke2 g4 91. Rb8 1-0

[Event "North American Open"]
[Site "Las Vegas"]
[Date "2011.12.28"]
[Round "5"]
[White "Mezentsev, Vladimir"]
[Black "Kekelidze, Mikheil"]
[Result "1-0"]
[WhiteElo "2439"]
[BlackElo "2545"]
[PlyCount "141"]
[EventDate "2011.12.??"]
[EventType "swiss"]
[EventRounds "7"]
[EventCountry "USA"]
[Source "MonRoi"]

1. e4 c5 2. Nf3 e6 3. d3 Nc6 4. g3 d5 5. Nbd2 Bd6 6. Bg2 Nge7 7. O-O O-O 8. Re1
b5 9. c3 Qb6 10. Nb3 dxe4 11. dxe4 Rd8 12. Qc2 e5 13. Be3 a5 14. a4 Be6 15.
Nbd2 bxa4 16. Rxa4 Rab8 17. Rb1 h6 18. Nc4 Qc7 19. Rba1 Nc8 20. Nfd2 Nb6 21.
Nxb6 Qxb6 22. Nc4 Bxc4 23. Rxc4 Qxb2 24. Qxb2 Rxb2 25. Bxc5 Bxc5 26. Rxc5 Rd6
27. Bf1 Rf6 28. f4 exf4 29. e5 Nxe5 30. Rxe5 fxg3 31. Re8+ Kh7 32. Re2 Rxe2 33.
Bxe2 gxh2+ 34. Kg2 Rc6 35. c4 Rc5 36. Kxh2 Kg6 37. Kg3 Kf5 38. Kf3 Ke5 39. Ke3
f5 40. Kd3 g5 41. Bf3 g4 42. Bd5 h5 43. Rh1 a4 44. Rxh5 a3 45. Rh1 a2 46. Re1+
Kf4 47. Kd4 Ra5 48. Ra1 g3 49. c5 Ra4+ 50. Kc3 Ke3 51. c6 Ra7 52. Kb3 f4 53.
Rxa2 Rg7 54. Kc4 Rh7 55. Kc5 Rh8 56. c7 Rf8 57. Ra8 Rxa8 58. Bxa8 f3 59. Bxf3
Kxf3 60. c8=Q g2 61. Qh3+ Kf2 62. Qh2 Kf1 63. Qf4+ Ke2 64. Qg3 Kf1 65. Qf3+ Kg1
66. Kd4 Kh2 67. Qf4+ Kh3 68. Qg5 Kh2 69. Qh4+ Kg1 70. Ke3 Kf1 71. Qf2# 1-0

[Event "North American Open"]
[Site "Las Vegas"]
[Date "2011.12.28"]
[Round "5"]
[White "Sevillano, Enrico"]
[Black "Liou, Yian"]
[Result "1-0"]
[WhiteElo "2509"]
[BlackElo "2354"]
[PlyCount "127"]
[EventDate "2011.12.??"]
[EventType "swiss"]
[EventRounds "7"]
[EventCountry "USA"]
[Source "MonRoi"]

1. e4 c5 2. c3 g6 3. Nf3 Bg7 4. d4 cxd4 5. cxd4 d5 6. e5 Nc6 7. h3 f6 8. exf6
exf6 9. Nc3 Nge7 10. Bd3 O-O 11. O-O Be6 12. Re1 Qd7 13. Bf4 Bf5 14. Bf1 g5 15.
Bh2 Rae8 16. Nb5 Ng6 17. Rxe8 Rxe8 18. Nd6 Re7 19. Nxf5 Qxf5 20. Bd3 Qd7 21.
Qb1 Kf7 22. Bg3 Re8 23. Bf5 Qd8 24. Qc2 Bf8 25. Qb3 Na5 26. Qa4 a6 27. Rc1 b5
28. Qc2 Bd6 29. Bxd6 Qxd6 30. g3 Kg7 31. b3 Ne7 32. Re1 Nac6 33. Re6 Qc7 34.
Bxh7 Qd7 35. Bf5 Nxf5 36. Rxe8 Qxe8 37. Qxf5 Qe4 38. Qd7+ Kh6 39. Qxc6 Qxf3 40.
Qc2 b4 41. Qc5 a5 42. Qf8+ Kg6 43. Qe8+ Kh6 44. Qe3 Qd1+ 45. Kg2 Qa1 46. h4
Qxa2 47. hxg5+ fxg5 48. Qe6+ Kh7 49. Qxd5 a4 50. Qd7+ Kh6 51. bxa4 b3 52. Qe6+
Kh7 53. a5 Qa3 54. Qb6 b2 55. a6 g4 56. Qb7+ Kg6 57. a7 Qf3+ 58. Qxf3 gxf3+ 59.
Kh2 b1=Q 60. a8=Q Qf5 61. Qe8+ Kh7 62. Qe5 Qg4 63. d5 Qg6 64. Qe7+ 1-0

[Event "North American Open"]
[Site "Las Vegas"]
[Date "2011.12.28"]
[Round "5"]
[White "Adamson, Robby"]
[Black "Sarkar, Justin"]
[Result "1/2-1/2"]
[WhiteElo "2390"]
[BlackElo "2458"]
[PlyCount "27"]
[EventDate "2011.12.??"]
[EventType "swiss"]
[EventRounds "7"]
[EventCountry "USA"]
[Source "MonRoi"]

1. e4 c6 2. Nc3 d5 3. Nf3 Bg4 4. h3 Bh5 5. exd5 cxd5 6. Bb5+ Nc6 7. a4 Bg6 8.
Ne5 Rc8 9. d4 e6 10. Qe2 Nge7 11. h4 h6 12. O-O Bh7 13. Re1 Bg8 14. Bf4 1/2-1/2